History of Graphic Design (Record no. 6912)

MARC details
000 -LEADER
fixed length control field 00374nam a2200145Ia 4500
008 - FIXED-LENGTH DATA ELEMENTS--GENERAL INFORMATION
fixed length control field 230312s9999||||xx |||||||||||||| ||und||
082 ## - DEWEY DECIMAL CLASSIFICATION NUMBER
Classification number 686.209
Item number MEG-H
100 ## - MAIN ENTRY--PERSONAL NAME
Personal name Meggs;Philip.B
245 #0 - TITLE STATEMENT
Title History of Graphic Design
260 ## - PUBLICATION, DISTRIBUTION, ETC.
Name of publisher, distributor, etc. Va Nostrand Reinhold
Place of publication, distribution, etc. USA
Date of publication, distribution, etc. 1992
300 ## - PHYSICAL DESCRIPTION
Extent 509
546 ## - LANGUAGE NOTE
Language note Eng.
650 ## - SUBJECT ADDED ENTRY--TOPICAL TERM
Topical term or geographic name entry element Architecture
Form subdivision History of Graphic Design
942 ## - ADDED ENTRY ELEMENTS (KOHA)
Koha item type BOOK
Holdings
Withdrawn status Lost status Source of classification or shelving scheme Damaged status Not for loan Home library Current library Date acquired Total Checkouts Full call number Barcode Date last seen Price effective from Koha item type
    Dewey Decimal Classification     Superior Information Resource Center (SIRC) Superior University- Main Campus Superior Information Resource Center (SIRC) Superior University- Main Campus 03/13/2023   686.209 MEG-H 7017 03/13/2023 03/13/2023 BOOK

Powered by Koha